College physics: reasoning and relationships, v.1. (2nd ed.) (Record no. 79462)
[ view plain ]
| 000 -LEADER | |
|---|---|
| fixed length control field | 00907nam a2200181 a 4500 |
| 008 - FIXED-LENGTH DATA ELEMENTS--GENERAL INFORMATION | |
| fixed length control field | 130510s2010 ||||||||||||||||| || u |
| 020 ## - INTERNATIONAL STANDARD BOOK NUMBER | |
| International Standard Book Number | 9781111571177 |
| 050 ## - LIBRARY OF CONGRESS CALL NUMBER | |
| Classification number | QC 21.3 GIO |
| 100 ## - MAIN ENTRY--PERSONAL NAME | |
| Personal name | Giordano, Nicholas J |
| 245 10 - TITLE STATEMENT | |
| Title | College physics: reasoning and relationships, v.1. (2nd ed.) |
| Statement of responsibility, etc. | by Giordano Nicholas |
| 250 ## - EDITION STATEMENT | |
| Edition statement | 2nd ed. |
| 260 ## - PUBLICATION, DISTRIBUTION, ETC. | |
| Place of publication, distribution, etc. | Australia: |
| Name of publisher, distributor, etc. | Brooks/Cole |
| Date of publication, distribution, etc. | 2010 |
| 300 ## - PHYSICAL DESCRIPTION | |
| Extent | xxix, 544p.:ill. |
| 650 #0 - SUBJECT ADDED ENTRY--TOPICAL TERM | |
| Topical term or geographic name entry element | PHYSICS |
| 995 ## - | |
| -- | MAIN LIBRARY OPEN ACCESS |
| -- | 744017 |
| -- | CBU-MAIN LIBRARY (Kitwe) |
| -- | QC 21.3 GIO |
| -- | 2 |
| -- | AVAILABLE |
| -- | Jun 11, 2013 |
| -- | 744017 |
| -- | Main Library Open Access Collection |
| 995 ## - | |
| -- | MAIN LIBRARY OPEN ACCESS |
| -- | 744018 |
| -- | CBU-MAIN LIBRARY (Kitwe) |
| -- | QC 21.3 GIO |
| -- | 3 |
| -- | AVAILABLE |
| -- | Jun 11, 2013 |
| -- | 744018 |
| -- | Main Library Open Access Collection |
| 995 ## - | |
| -- | MAIN LIBRARY OPEN ACCESS |
| -- | 744016 |
| -- | CBU-MAIN LIBRARY (Kitwe) |
| -- | QC 21.3 GIO |
| -- | 1 |
| -- | OUT |
| -- | Jun 11, 2013 |
| -- | 744016 |
| -- | Main Library Open Access Collection |
| 999 ## - | |
| -- | 79462 |
| -- | 79462 |
| Withdrawn status | Lost status | Source of classification or shelving scheme | Damaged status | Not for loan | Permanent Location | Current Location | Shelving location | Date acquired | Total Checkouts | Full call number | Barcode | Date last seen | Copy number | Price effective from | Koha item type | Date last checked out |
|---|---|---|---|---|---|---|---|---|---|---|---|---|---|---|---|---|
| CBU-MAIN LIBRARY, KITWE. | CBU-MAIN LIBRARY, KITWE. | 06/29/2023 | QC 21.3 GIO | 744017 | 06/29/2023 | 1 | 06/29/2023 | MONOGRAPH | ||||||||
| CBU-MAIN LIBRARY, KITWE. | CBU-MAIN LIBRARY, KITWE. | 06/29/2023 | 2 | QC 21.3 GIO | 744018 | 03/26/2025 | 2 | 06/29/2023 | MONOGRAPH | 03/17/2025 | ||||||
| CBU-MAIN LIBRARY, KITWE. | CBU-MAIN LIBRARY, KITWE. | 06/29/2023 | QC 21.3 GIO | 744016 | 06/29/2023 | 3 | 06/29/2023 | MONOGRAPH |